Tự học microsoft word 2010
Cuốn sách giúp các bạn lần lượt làm quen và thực hành các tính năng từ đơn giản như mở một tập tin đến phức tạp như trang trí hoàn chỉnh một văn bản với đầy đủ tính chuyên nghiệp của nó.
Na minha lista:
| Formato: | Livro |
|---|---|
| Idioma: | Undetermined |
| Publicado em: |
Hà Nội
Hồng Bàng
2011
|
| Assuntos: | |
| Tags: |
Adicionar Tag
Sem tags, seja o primeiro a adicionar uma tag!
|
| Thư viện lưu trữ: | Trung tâm Học liệu Trường Đại học Cần Thơ |
|---|
| LEADER | 00856nam a2200193Ia 4500 | ||
|---|---|---|---|
| 001 | CTU_197156 | ||
| 008 | 210402s9999 xx 000 0 und d | ||
| 020 | |c 44000 | ||
| 082 | |a 005.52 | ||
| 082 | |b T550 | ||
| 245 | 0 | |a Tự học microsoft word 2010 | |
| 245 | 0 | |c Trí Việt, Hà Thành ( biên soạn ) | |
| 260 | |a Hà Nội | ||
| 260 | |b Hồng Bàng | ||
| 260 | |c 2011 | ||
| 520 | |a Cuốn sách giúp các bạn lần lượt làm quen và thực hành các tính năng từ đơn giản như mở một tập tin đến phức tạp như trang trí hoàn chỉnh một văn bản với đầy đủ tính chuyên nghiệp của nó. | ||
| 650 | |a Microsoft word,Word ( chương trình máy tính) | ||
| 904 | |i Bằng | ||
| 980 | |a Trung tâm Học liệu Trường Đại học Cần Thơ | ||